Mixed use brings higher rent (Record no. 73280)
[ view plain ]
| 000 -LEADER | |
|---|---|
| fixed length control field | 01280cam a2200217 4500 |
| 008 - FIXED-LENGTH DATA ELEMENTS--GENERAL INFORMATION | |
| fixed length control field | 030827n2003 000 0 eng u |
| 035 ## - SYSTEM CONTROL NUMBER | |
| System control number | (Sirsi) u123373 |
| 245 ## - TITLE STATEMENT | |
| Title | Mixed use brings higher rent |
| 260 ## - PUBLICATION, DISTRIBUTION, ETC. | |
| Date of publication, distribution, etc. | 2003 |
| 490 ## - SERIES STATEMENT | |
| Series statement | Regeneration and Renewal |
| Volume/sequential designation | 22 August 2003, 2(1) |
| 520 ## - SUMMARY, ETC. | |
| Summary, etc. | New research by FPD Savills shows that rental growth on mixed-use developments are outperforming single-use schemes. This supports government encouragement for mixed-use developments on major regeneration sites. Traditionally the property industry has avoided mixed-use schemes over fears of lower returns associated with management difficulties. The report highlights the difficulty of encouraging investment in single buildings with different uses, as residential leases conflict with commercial leases, leading to difficulties with redevelopment. "Investment in mixed use" is available at http://www.fpdsavills.co.uk/research.asp?content=%5Cuber%5Fresearch%5C3595%2Ehtm&subcategory=none&contenttype=research&category= |
| 590 ## - LOCAL NOTE (RLIN) | |
| Local note | WB |
| 650 ## - SUBJECT ADDED ENTRY--TOPICAL TERM | |
| Topical term or geographic name entry element | MIXED-USE DEVELOPMENTS |
| 650 ## - SUBJECT ADDED ENTRY--TOPICAL TERM | |
| Topical term or geographic name entry element | GOVERNMENT POLICY |
| 650 ## - SUBJECT ADDED ENTRY--TOPICAL TERM | |
| Topical term or geographic name entry element | INVESTMENT RETURNS |
| 650 ## - SUBJECT ADDED ENTRY--TOPICAL TERM | |
| Topical term or geographic name entry element | RENTAL GROWTH |
| 650 ## - SUBJECT ADDED ENTRY--TOPICAL TERM | |
| Topical term or geographic name entry element | RESIDENTIAL LEASES |
| 650 ## - SUBJECT ADDED ENTRY--TOPICAL TERM | |
| Topical term or geographic name entry element | COMMERCIAL LEASES |
| 690 ## - LOCAL SUBJECT ADDED ENTRY--TOPICAL TERM (OCLC, RLIN) | |
| Topical term or geographic name as entry element | REGENERATION |
| 942 ## - ADDED ENTRY ELEMENTS (KOHA) | |
| Suppress in OPAC | 0 |
| Withdrawn status | Lost status | Source of classification or shelving scheme | Damaged status | Not for loan | Home library | Current library | Shelving location | Date acquired | Total Checkouts | Barcode | Date last seen | Copy number | Price effective from | Koha item type |
|---|---|---|---|---|---|---|---|---|---|---|---|---|---|---|
| Dewey Decimal Classification | London | London | News article | 27/08/2003 | 123373-1001 | 06/08/2019 | 1 | 06/08/2019 | News article |